Audioorální program k učebnici Němčina pro ekonomy

Na minha lista:
Detalhes bibliográficos
Autor principal: Kařízek, Adolf
Autor Corporativo: Vysoká škola ekonomická v Praze. Obchodní fakulta
Outros Autores: Vaníková, Jarmila, Schwarzová, Jiřina
Formato: Livro
Idioma:tcheco
Publicado em: Praha Státní pedagogické nakladatelství 1989
Edição:1. vyd.
Tags: Adicionar Tag
Sem tags, seja o primeiro a adicionar uma tag!

MARC

LEADER 00000nam a2200000 4500
001 c029524
005 20221215115740.8
041 0 |a cze 
044 |a CZ 
245 1 0 |a Audioorální program k učebnici Němčina pro ekonomy  |c Adolf Kařízek, Jarmila Vaníková, Jiřina Schwarzová 
250 |a 1. vyd. 
264 1 |a Praha  |b Státní pedagogické nakladatelství  |c 1989 
300 |a 220 s. 
100 1 |a Kařízek, Adolf 
700 1 |a Vaníková, Jarmila 
700 1 |a Schwarzová, Jiřina 
710 2 |a Vysoká škola ekonomická v Praze. Obchodní fakulta